Statistiques concernant Cyclisme: Top 30 de Liège-Bastogne-Liège 2023

Cliquez ici pour prendre le quiz!

Statistiques générales

  • Ce quiz a été pris 99 fois
  • Le résultat moyen est 11 sur 30

Statistiques - réponses

PosEquipeCoureur% Correct
1erSoudal Quick-StepRemco Evenepoel
95%
2èmeINEOS GrenadiersTom Pidcock
87%
5èmeGroupama-FDJValentin Madouas
78%
6èmeCofidisGuillaume Martin
74%
4èmeEF Education-EasyPostBen Healy
69%
7èmeJumbo-VismaTiesj Benoot
57%
15èmeTeam DSMRomain Bardet
56%
3èmeBahrain VictoriousSantiago Buitrago
48%
12èmeIsrael-Premier TechMichael Woods
42%
9èmeTrek-SegafredoMattias Skjelmose Jensen
38%
16èmeCofidisIon Izagirre
36%
13èmeTrek-SegafredoGiulio Ciccone
35%
10èmeUAE Team EmiratesMarc Hirschi
35%
22èmeSoudal Quick-StepIlan Van Wilder
32%
29èmeTrek-SegafredoBauke Mollema
31%
11èmeLotto DstnyMaxim Van Gils
29%
8èmeBORA-hansgrohePatrick Konrad
26%
14èmeINEOS GrenadiersPavel Sivakov
26%
18èmeAG2R Citroën TeamAurélien Paret-Peintre
25%
24èmeUno-X Pro Cycling TeamTobias Halland Johannessen
21%
19èmeAstana Qazaqstan TeamSimone Velasco
19%
17èmeINEOS GrenadiersLaurens De Plus
16%
20èmeIntermarché-Circus-WantyLaurenzo Rota
16%
25èmeJumbo-VismaJan Tratnik
14%
21èmeTeam Jayco-AlUlaMatteo Sobrero
12%
26èmeJumbo-VismaAttila Valter
9%
30èmeTotalEnergiesSteff Cras
9%
27èmeIntermarché-Circus-WantyKobe Goossens
8%
23èmeMovistar TeamRuben Guerreiro
6%
28èmeTeam Jayco-AlUlaAlessandro De Marchi
4%

Distribution des résultats

Percentile par nombre de réponses

% des personnes avec chaque résultat

Votre développement - résultats

Vous n’avez pas pris ce quiz